000 01510cam a22004574i 4500
003 PE-LiUPU
005 20250731165541.0
008 150625s r 000 0 d
035 _a(Sirsi) a33343
035 _a(Sirsi) a33343
040 _aPE-LiUPU
_bspa
_cPE-LiUPU
_erda
082 0 4 _a910
_bP79
_221
100 1 _aPostigo, Luis,
_eautor.
245 1 3 _aEl cielo, la tierra, el hombre.
_n1 /
_cLuis Postigo.
264 1 _aBarcelona :
_bEditorial Ramón Sopena,
_c[1984]
300 _a477 páginas,
_c25 centímetros
336 _atext
_2rdacontent
337 _aunmediated
_2rdamedia
338 _avolume
_2rdacarrier
490 0 _aGeografía Universal Ilustrada Sopena
526 _aSEG44
526 _aSEG26
526 _aP151
526 _aP150
526 _aP149
526 _aP146
526 _aP145
526 _aP126
526 _aP125
526 _aP92
526 _aP75
526 _aP74
526 _aP27
526 _aP15
942 _2ddc
_cBOOK
949 _aRC 910 P79 1
_wDEWEY
_c1
_i24844
_lRC
_mBUL
_r0
_sY
_tBOOK
_u2015-6-25
_xBIBLIOTECA
_zUNKNOWN
_0COMPRA
_o.CIRCNOTE. No olvidar cambiar la fecha de devolución!!!!!!!
_o.STAFF. Colección General
994 _aC0
_bPEPRU
596 _a1
999 _aRC 910 P79 1
_wDEWEY
_c41080
_i24844
_f2021-11-8
_g5
_lRCG
_mBUL
_r1
_sY
_tBOOK
_u2015-6-25
_xBIBLIOTECA
_zUNKNOWN
_0COMPRA
_o.CIRCNOTE. No olvidar cambiar la fecha de devolución!!!!!!!
_o.STAFF. Colección General
_d41080
980 _81
_gALBERTO SANCHEZ Responsable de Automatización